000 01791nam a2200541 i 4500
001 7015
003 KOSZ 005
005 20240405062955.0
008 970510s1995 pl a |000 0 pol
015 _aUWD 1995/11589
020 _a8386703113
035 _a991000222789705066
035 _a(PL-WaBN)b10102978-48omnis_nlop
035 _ab10102978
035 _a(OCoLC)833965937
035 _a(PL)b0000001010297
035 _a(EXLNZ-48OMNIS_NETWORK)9910293356105606
040 _aWA N
_cWA N
_dKOSZ 005/HR
041 1 _aeng
_hpol
046 _k1995
080 _a656.61:378(438)"1980/..."
080 _a797.14
100 1 _aPerepeczko, Andrzej
_d(1930- )
_eAutor
245 1 0 _a"Dar Młodzieży" /
_cAndrzej Perepeczko ; [tł. z pol.] ; Wyższa Szkoła Morska.
246 1 _iTyt. oryg.:
_aDar Młodzieży
260 _aGdynia :
_bGdynia Maritime Academy,
_c1995.
300 _a122, [3] s., [23] s. tabl. (w tym złoż.) :
_bfot., mapy, portr., 1 rys. ;
_c21 cm.
336 _aTekst
_btxt
_2rdacontent
337 _aBez urządzenia pośredniczącego
_bn
_2rdamedia
338 _aWolumin
_bnc
_2rdacarrier
380 _aKsiążki
388 _a1901-2000
388 _a1989-2000
546 _aTekst ang.
648 _a1901-2000
648 _a1945-1989
648 _a1989-2000
650 7 _aDar Młodzieży (żaglowiec)
_2DBN
650 7 _aŻaglowce
_2DBN
650 7 _aŻeglarstwo morskie
_2DBN
650 7 _aŻegluga
_2DBN
651 7 _aPolska
658 _aTransport i logistyka
710 2 _aAkademia Morska (Gdynia)
_4pbl
856 _uhttp://koha.tu.koszalin.pl/cgi-bin/koha/opac-detail.pl?biblionumber=7015
_yKatalog online BPK
942 _2UKD
_cKS
999 _c7015
_d7015